000
00267nam a22000857a 4500
008
230504b ||||| |||| 00| 0 eng d
100
_a
Unknown
245
_a
Stories From Postage Stamps
_b
Every Postage Stamp Tells a Story
650
_a
Postage Stamp Stories | Famous Collectors
999
_c
3520
_d
3520